000
00254nam a2200133Ia 4500
100
_a
Desphande/D.L
942
_c
BK
654
_a
Tools
245
_a
Basic Tools
260
_b
Longman
_c
2001
082
_a
621.9
_b
DES
546
_a
ENGLISH
999
_c
33103
_d
33103